00534naa a2200193 a 450000100080000000500110000800800410001910000130006024500570007326000090013065300220013965300110016165300350017265300130020765300210022065300140024165300100025577300750026510158812014-05-13 1993 bl uuuu u00u1 u #d1 aBOFF, P. aAntracnose-foliar da cebolabdiagnostico e controle. c1993 aAntracnose foliar aCebola aColletotrichum gloeosporioides aControle aDoenca de planta aEtiologia aFungo tAgropecuaria Catarinense, Florianopolisgv.6, n.2, p.34-37, jun. 1993.